Biggest villages and towns of Denmark - Statistics

General Stats
  • This quiz has been taken 4 times
  • The average score is 46 of 144
Answer Stats
Region Population Town % Correct
Nordjylland 121.878 Aalborg
100%
Midtjylland 301.049 Aarhus
100%
Hovedstaden 667.099 København
100%
Syddanmark 71.554 Esbjerg
75%
Hovedstaden 48.134 Helsingør
75%
Midtjylland 51.782 Herning
75%
Midtjylland 64.418 Horsens
75%
Syddanmark 185.480 Odense
75%
Sjælland 53.354 Roskilde
75%
Syddanmark 28.333 Sønderborg
75%
Syddanmark 62.011 Vejle
75%
Hovedstaden 28.117 Albertslund
50%
Hovedstaden 52.939 Ballerup
50%
Syddanmark 7484 Billund
50%
Midtjylland 7394 Brande
50%
Syddanmark 41.543 Fredericia
50%
Hovedstaden 105.840 Frederiksberg
50%
Nordjylland 22.548 Frederikshavn
50%
Hovedstaden 75.076 Gentofte
50%
Hovedstaden 70.958 Gladsaxe
50%
Midtjylland 14.127 Grenaa
50%
Sjælland 46.801 Greve
50%
Nordjylland 5347 Hirtshals
50%
Midtjylland 37.487 Holstebro
50%
Midtjylland 16.808 Ikast
50%
Hovedstaden 22.729 Ishøj
50%
Sjælland 10.801 Jyllinge
50%
Syddanmark 6128 Kerteminde
50%
Sjælland 39.506 Køge
50%
Syddanmark 63.645 Kolding
50%
Hovedstaden 58.713 Lyngby-Taarbæk
50%
Sjælland 5786 Maribo
50%
Syddanmark 16.749 Middelfart
50%
Sjælland 45.199 Næstved
50%
Sjælland 12.200 Nakskov
50%
Nordjylland 24.436 Nørresundby
50%
Sjælland 16.682 Nykøbing Falster
50%
Nordjylland 8859 Nykøbing Mors
50%
Sjælland 5016 Nykøbing Sjælland
50%
Hovedstaden 23.382 Ølstykke-Stenløse
50%
Midtjylland 64.511 Randers
50%
Sjælland 24.094 Ringsted
50%
Midtjylland 52.571 Silkeborg
50%
Nordjylland 7394 Skagen
50%
Midtjylland 20.360 Skanderborg
50%
Hovedstaden 21.768 Smørumnedre
50%
Sjælland 8433 Sorø
50%
Syddanmark 27.616 Svendborg
50%
Hovedstaden 38.178 Taastrup
50%
Nordjylland 13.505 Thisted
50%
Syddanmark 16.500 Aabenraa
25%
Nordjylland 8708 Aars
25%
Syddanmark 5952 Assens
25%
Midtjylland 9430 Beder-Malling
25%
Hovedstaden 20.976 Birkerød
25%
Midtjylland 7433 Bjerringbro
25%
Hovedstaden 40.401 Brøndby
25%
Nordjylland 12.946 Brønderslev
25%
Hovedstaden 12.304 Dragør
25%
Midtjylland 7287 Ebeltoft
25%
Syddanmark 6763 Faaborg
25%
Hovedstaden 20.369 Farum
25%
Hovedstaden 17.583 Frederikssund
25%
Hovedstaden 12.837 Frederiksværk
25%
Syddanmark 9721 Grindsted
25%
Midtjylland 8560 Hadsten
25%
Midtjylland 7234 Hammel
25%
Sjælland 12.634 Haslev
25%
Hovedstaden 16.731 Hedehusene
25%
Midtjylland 13.458 Hedensted
25%
Hovedstaden 36.604 Hillerød
25%
Midtjylland 8529 Hinnerup
25%
Nordjylland 25.908 Hjørring
25%
Nordjylland 12.360 Hobro
25%
Sjælland 30.903 Holbæk
25%
Hovedstaden 5185 Hornbæk-Dronningmølle
25%
Midtjylland 8542 Hørning
25%
Hovedstaden 48.349 Hørsholm
25%
Hovedstaden 9742 Humlebæk
25%
Hovedstaden 8590 Hundested
25%
Hovedstaden 53.760 Hvidovre
25%
Sjælland 16.659 Kalundborg
25%
Midtjylland 5247 Kjellerup
25%
Sjælland 14.323 Korsør
25%
Midtjylland 6741 Lemvig
25%
Midtjylland 10.153 Lystrup
25%
Syddanmark 5423 Munkebo
25%
Nordjylland 5616 Nibe
25%
Hovedstaden 8769 Nivå
25%
Syddanmark 5680 Nordborg
25%
Syddanmark 17.990 Nyborg
25%
Midtjylland 13.522 Odder
25%
Syddanmark 5263 Otterup
25%
Syddanmark 8367 Ribe
25%
Midtjylland 9830 Ringkøbing
25%
Syddanmark 6189 Rødekro
25%
Hovedstaden 44.734 Rødovre
25%
Hovedstaden 13.675 Rønne
25%
Midtjylland 7536 Ry
25%
Nordjylland 8991 Sæby
25%
Sjælland 6304 Skælskør
25%
Midtjylland 20.090 Skive
25%
Midtjylland 7737 Skjern
25%
Sjælland 35.817 Slagelse
25%
Hovedstaden 6933 Slangerup
25%
Sjælland 17.951 Solrød Strand
25%
Nordjylland 9584 Støvring
25%
Syddanmark 5280 Strib
25%
Midtjylland 9893 Struer
25%
Hovedstaden 44.034 Tårnby
25%
Syddanmark 7477 Tønder
25%
Sjælland 5609 Tune
25%
Hovedstaden 17.876 Vallensbæk
25%
Syddanmark 14.263 Varde
25%
Syddanmark 10.416 Vejen
25%
Midtjylland 43.645 Viborg
25%
Syddanmark 7424 Vojens
25%
Sjælland 12.093 Vordingborg
25%
Nordjylland 6721 Aabybro
0%
Syddanmark 5877 Bellinge
0%
Syddanmark 6314 Børkop
0%
Sjælland 5049 Borup
0%
Syddanmark 7315 Bramming
0%
Sjælland 5190 Fensmark
0%
Hovedstaden 8968 Fredensborg
0%
Midtjylland 9363 Galten
0%
Hovedstaden 6596 Gilleleje
0%
Syddanmark 5050 Give
0%
Hovedstaden 24.869 Glostrup
0%
Syddanmark 22.405 Haderslev
0%
Hovedstaden 5775 Hellebæk
0%
Hovedstaden 9719 Helsinge
0%
Hovedstaden 30.784 Herlev
0%
Midtjylland 6420 Hornslet
0%
Nordjylland 5603 Klarup
0%
Hovedstaden 16.756 Lillerød
0%
Midtjylland 8607 Løgten
0%
Midtjylland 5174 Mårslet
0%
Syddanmark 6822 Ringe
0%
Hovedstaden 35.481 Rudersdal
0%
Sjælland 5108 Strøby Egede
0%
Nordjylland 8001 Svenstrup
0%
Hovedstaden 13.200 Værløse
0%
Sjælland 5113 Viby
0%
No matching quizzes found
Score Distribution
Percent of People with Each Score
Percentile by Number Answered
Your Score History
You have not taken this quiz